Statistics for Mentioned Countries in "Geography Now - Barbados"

Click here to take the quiz!

General Stats

  • This quiz has been taken 13 times
  • The average score is 10 of 15

Answer Stats

#Country% Correct
1United Kingdom
100%
2United States
100%
36Barbados
92%
1Canada
92%
1St. Vincent and the Grenadines
83%
1France
75%
1Mexico
75%
2Trinidad and Tobago
75%
1Jamaica
67%
1Belgium
50%
1Japan
50%
1Denmark
42%
1Colombia
33%
1Belarus
25%
1Vanuatu
25%

Score Distribution

Percentile by Number Answered

Percent of People with Each Score

Your Score History

You have not taken this quiz